000 00798nam a22002777a 4500
008 130901b xxu||||| |||| 00| 0 eng d
020 _a0-07-116996-2
024 _cAvailable
037 _cAvailable
040 _aMBSTU LIBRARY
_dMBSTU LIBRARY
082 _222
_a363.7 ENE
100 _aEnger, Eldon D.
110 _aBradley F Smith.
245 _aEnvironmental science.
250 _a7th
260 _aNew Delhi
_bMacGraw-Hill.
_c2000
300 _a28 cm.
_b434 page
_f4
_g28 cm.
600 _2Environmental problems.
650 _2Environmental problems.
700 _aEnger, Eldon D.
710 _aBradley F Smith.
270 _aNew Delhi
_bNew Delhi
_dIndia
365 _b732.00
_d732.00
942 _2ddc
_cBK
999 _c639
_d639